000 00716cam a2200229 a 4500
001 35542
005 20230410101957.0
008 860730s1980 xx ac 000 0dspa
035 _9(DLC) 82177114
035 _a1396859
010 _a 82177114
040 _aDLC
_cDLC
_dDLC
043 _anwdr---
050 1 4 _a118 F 1939
_bF385s 1980
082 0 0 _a972.93/67
_219
100 1 _aFerreras, Ramón Alberto.
245 1 0 _aSan Pancho de los Macorijes /
_cpor Ramón Alberto Ferreras.
260 _aSan Francisco de Macorís, República Dominicana :
_bEditorial del Nordeste,
_c1980
300 _a160 p. :
_bill., ports. ;
_c20 cm.
651 0 _aSan Francisco de Macorís (Dominican Republic)
942 _2lcc
_cbk
999 _c16772
_d16772